| 000 | 00385nam a2200133Ia 4500 | ||
|---|---|---|---|
| 008 | 231228s2011 xx 000 0 und d | ||
| 041 | _aeng | ||
| 082 |
_a658.155 _bCHA |
||
| 100 | _aCHANCE (Don M.)/ BROOKS (Robert) | ||
| 245 | _aDerivatives and Risk Management Basics | ||
| 250 | _a5th Rep. | ||
| 260 |
_aNew Delhi _bCengage Learning India Pvt. Ltd New Delhi _c2011 |
||
| 300 | _a562 | ||
| 999 |
_c1064335 _d1064335 |
||